00624nam a2200217Ia 450000500170000000800410001702000110005804000190006904100120008808200180010010000160011824500570013426000400019130000120023165000140024365100100025785000100026794200070027799900160028495201060030020240223112704.0131103s9999 xx 000 0 und d cRs.125 aLoreto College aEnglish a370.954 bPAR aParikh,P.C. aEducational Thinking in Modern India, cP.C.Parikh aAhmedabadbShree Mundranalayac1976 a462 p.  aEducation aIndia aLCLIB cBK c9187d59666 00102ddc4070aMAINbMAINd2013-11-04l0o370.954 PAR 24257pB9063r2013-11-04w2013-11-04yBKf